00865 2200301 4500001002100000005001500021035002000036007000300056008004100059020002200100082001500122084001700137100002400154245006100178250002600239300004400265650001900309264003600328336002100364337003000385338002300415040002200438090002200460850001200482504002500494999002200519990002200541INLIS00000000086058320210603114411 a0010-0621000118ta210603s2020 yoia g ind d a978-623-228-682-504223a636.39 a636.39 SUL p0 aSulastriePengarang10aPerforma dan potensi genetik kambing saburai /cSulastri aCetakan pertama, 2020 axi,79 halaman :bgambar, tabel ;c24 cm 4aTernak kambing31aYogyakarta :bGraha Ilmu,c2020 2rdacontentateks 2rdamediaatanpa perantara 2rdacarrieravolume aYOPDYOGbinderda aCB-D.11 2020-2924 aYOPDYOG aTermasuk bibliografi aCB-D.11/2020-2924 aCB-D.11/2020-2924